00515pab a2200157 454500008004000000100001400040245013200054260000900186300001400195362000800209650003400217650004000251650001800291700001200309773003600321180718b2008 xxu||||| |||| 00| 0 eng d aRay, A.K. aEvaluation of fodder production and marketing strategies and female labour use pattern in peri-urban areas of Kolkata and Delhi c2008 ap.517-22. aNov aWomen workers - India - Delhi aWomen workers - India - West Bengal aWomen workers aRam, B. aAgricultural Situation in India